Estadísticas para Valencias de los elementos

Haz click aquí para intentar la prueba.

Estadísticas generales

  • Esta prueba ha sido intentada 97 veces
  • La puntuación promedio es 32 de 51

Estadísticas de respuestas

HintRespuesta% Correcto
Li1
100%
F-1
100%
Na1
100%
K1
100%
Rb1
100%
Cs1
100%
Fr1
100%
Ag1
100%
Cd2
100%
Zn2
100%
O-2
100%
Ra2
100%
Ba2
100%
Sr2
100%
Ca2
100%
Mg2
100%
Be2
100%
Tl3
98%
In3
98%
Ga3
98%
Al3
98%
Au1,3
76%
Cu1,2
72%
Hg1.2
72%
Co2,3
64%
Ni2,3
64%
Fe2,3
64%
Pt2,4
64%
Pb2,4
64%
Pd2,4
64%
Ge2,4
64%
Sn2,4
64%
H1,-1
56%
B3,-3
36%
At1,-1,3,5,7
24%
I1,-1,3,5,7
24%
Br1,-1,3,5,7
24%
Cl1,-1,3,5,7
24%
Se2,-2,4,6
22%
Po2,-2,4,6
22%
Te2,-2,4,6
22%
S2,-2,4,6
22%
Bi3.-3,5
18%
Sb3,-3,5
18%
As3,-3,5
18%
P3,-3,5
18%
C2,4,-4
14%
Si2,4,-4
14%
Cr2,3,4,5,(6)
12%
N1,3,-3,5
10%
Mn2,3,4,5,(6,7)
8%

Distribución de puntuación

Porcentaje por número respondido

Porcentaje de gente con cada puntuación

Historial de tus puntuaciones

No has intentado esta prueba.